| 000 | 00731cam a22002411 4500 | ||
|---|---|---|---|
| 001 | sa 65002668 | ||
| 003 | DLC | ||
| 005 | 20260227112118.0 | ||
| 008 | 871016s1964 pk 000 0 eng | ||
| 010 | _asa 65002668 | ||
| 025 | _aPL480:P-E-621 | ||
| 035 | _a(OCoLC)16861176 | ||
| 040 |
_aDLC _cWaU _dDLC |
||
| 042 | _apremarc | ||
| 050 | 0 | 0 |
_aJQ211 _b.B6 |
| 100 | 1 | _aBokhari, Abrar Hussain. | |
| 245 | 1 | 0 |
_aConstitutional history of Indo-Pakistan sub-continent. _cWith a foreword by A.S. Salam. |
| 260 |
_aLahore, _bM. Mohd Suleman Qureshi _c[1964] |
||
| 300 |
_axv, 223 p. _c19 cm. |
||
| 650 | 0 |
_aConstitutional history _zIndia. |
|
| 651 | 0 |
_aIndia _xPolitics and government. |
|
| 651 | 0 |
_aPakistan _xPolitics and government. |
|
| 999 |
_c62757 _d62757 |
||